A fegyelmi felelősségről
Elmentve itt :
| Szerző: | |
|---|---|
| További közreműködők: | |
| Dokumentumtípus: | Szakdolgozat |
| Megjelent: |
1973
|
| Tárgyszavak: | |
| Online Access: | http://diploma.bibl.u-szeged.hu/18607 |
| LEADER | 00534nta a2200157 i 4500 | ||
|---|---|---|---|
| 001 | dipl18607 | ||
| 005 | 20130314074859.0 | ||
| 008 | 111206s1973 hu om 0|| zxx d | ||
| 040 | |a SZTE Diploma Repozitórium |b hun | ||
| 041 | |a zxx | ||
| 100 | 1 | |a Halász Mária | |
| 245 | 1 | 2 | |a A fegyelmi felelősségről |h [elektronikus dokumentum] / |c Mária Halász |
| 260 | |c 1973 | ||
| 650 | 4 | |a Jogi és igazgatási tanulmányok | |
| 700 | 1 | |a nincs megadva |e ths | |
| 856 | 4 | 0 | |u http://diploma.bibl.u-szeged.hu/id/eprint/18607/1/1973_halasz_maria.pdf |z Dokumentum-elérés |